| 000 | 00364cam a22001337a 4500 | ||
|---|---|---|---|
| 008 | 180718b1965 xxu||||| |||| 00| 0 eng d | ||
| 082 | _aA6x5415 Sa59 | ||
| 100 | _aSanwal, B. D. | ||
| 245 |
_aNepal and the East India company _cby B. D. Sanwal |
||
| 260 |
_aBombay _bAsia _c1965 |
||
| 300 | _aviii,345p. | ||
| 650 | _aNepal --History. | ||
| 650 | _aEast India Company | ||
| 999 |
_c412460 _d412460 |
||